000 00775nam a2200241 a 4500
003 MX-MxUPN
005 20260417064122.0
008 050310s2004 mx r 000 0 spa d
020 _a9707014466
035 _aUPN01000137867
040 _aMX-MxUPN
_bspa
_cMX-MxUPN
041 0 _aspa
050 4 _aLC197
_bG6.4
100 1 _aGonzález Jiménez, Rosa María
_959278
245 1 0 _aGénero y matemáticas :
_bbalanceando la ecuación
260 _aMéxico, D.F. :
_bUiversidad Pedagógica Nacional :
_bMiguel Ángel Porrúa,
_c2004.
300 _a181 páginas
490 0 _aLas ciencias sociales. Estudios de género
650 4 _aFeminismo y educación
_99163
650 4 _aFeminismo
_98967
650 4 _aMatemáticas
_xEstudio y enseñanza
_93601
942 _2lcc
_cLIBRO
999 _c110018
_d110018